Culture Générale - Série 275 - Statistiques

Statistiques générales
  • Ce quiz a été pris 467 fois
  • Le résultat moyen est 7 sur 10
Statistiques - réponses
Question Réponse % Correct
Selon l'expression, quel insecte peut-on entendre voler dans un profond silence ? Une mouche
98%
Selon l'expression, de quelle couleur est le col des employés de bureau ? Blanc
96%
Dans quel pays les villes de Fès et Meknès sont-elles situées ? Le Maroc
93%
Quel est le principal indice boursier de la Bourse de Paris ? Le CAC 40
87%
Quelle pierre précieuse les vitriers utilisent-ils pour couper le verre ? Le diamant
87%
Quel signe musical placé en début de portée sert à identifier les notes ? La clé
84%
Qui a été l'entraîneur emblématique de l'AJ Auxerre de 1961 à 2005 ? Guy Roux
75%
Dans quel stade l'équipe de football de Saint-Etienne reçoit-elle ses adversaires ? Geoffroy-Guichard
56%
Qui a écrit la pièce de théâtre "Ruy Blas", publiée en 1838 ? Victor Hugo
55%
Quel détective privé, prénommé Joe, Mike Connors incarne-t-il dans une série ? Mannix
16%
Aucun quiz correspondant
Distribution des résultats
% des personnes avec chaque résultat
Percentile par nombre de réponses
Votre historique - résultats
Vous n’avez pas pris ce quiz